| 000 | 00575nam a2200205Ia 4500 | ||
|---|---|---|---|
| 001 | 68292 | ||
| 005 | 20170322113050.0 | ||
| 008 | 150819s9999 xx 000 0 und d | ||
| 020 | _a9780521883726 | ||
| 040 | _cPK-LaUMT | ||
| 082 |
_aRCC 502.85554 _bKIR-D |
||
| 100 | _aKirkup, Les | ||
| 245 |
_aData analysis for physical scientists : _bfeaturing Excel / _cLes Kirkup |
||
| 250 | _a2nd ed. | ||
| 260 |
_aCambridge, USA: _bCambridge University Press, _c2012 |
||
| 300 | _a510 p. | ||
| 546 | _aEN | ||
| 650 | _aResearch-Statistical methods-Data processing | ||
| 942 | _cBK | ||
| 999 |
_c74324 _d74324 |
||